000 01204nam2a22002171 4500
001 v19\rc\2012753
005 20250620002340.0
035 _a(NLR Aleph) 005094324
090 _a7329582
_c7329582
100 _a20080925d1902 |||y0rusy50 ca
101 0 _arus
102 _aRU
105 _aab z |||||
200 0 _a[3]
215 _a116 с., 2 л. ил., карт.
461 0 _1001v19\rc\2012750
_12001#$aИз воспоминаний генерала-от-инфантерии Виктора Дезидериевича Дандевиля$e(Воспоминания об Этрополе, из походных записок армейца). [1-3]$v[3]
_1700#1$aДандевиль$bВ.Д.$f1826-1907$gВиктор Дезидериевич
_97329556
_aДандевиль, В.Д. (1826-1907)
_c[Санкт-Петербург
_d1902]
_o(Воспоминания об Этрополе, из походных записок армейца). [1-3]
_p3 т.
_tИз воспоминаний генерала-от-инфантерии Виктора Дезидериевича Дандевиля
_v[3]
801 0 _aRU
_bNLR
_gpsbo
801 1 _aRU
_bProSoft-M
_2rusmarc
852 _aNLR
_j2/1733
942 _cBOOK
980 _aNB